000 00333nam a2200133Ia 4500
005 20250603145956.0
008 250603s9999 xx 000 0 und d
245 0 _aTransformation agenda : executive summary of part 1 of the mid-term report
260 _aAbuja
260 _c2013
300 _a58 p
650 _aAbuja
942 _cBK
999 _c43405
_d43405